| 000 | 01008nas a2200325 4500 | ||
|---|---|---|---|
| 001 | BR2013001160 | ||
| 003 | BR-BrBNA | ||
| 005 | 20231205121908.0 | ||
| 007 | ta | ||
| 008 | 230509b bl.|||p| |||| 00| 00por d | ||
| 040 |
_aBR-BrBNA _bpor _cBiblioteca Nacional de Agricultura |
||
| 041 | _a(Pt) | ||
| 072 | _aL74 | ||
| 100 | 1 | _aLemos, R.A. | |
| 100 | 1 | _aBarros, C.S.L. | |
| 100 | 1 | _aSalles, M.S. | |
| 100 | 1 | _aBarros, S.S. | |
| 100 | 1 | _aPeixoto, P.V. | |
| 245 | 1 | _aIntoxicação espontânea por Amaranthus spinosus (Amaranthaceae)em bovinos | |
| 246 | 1 | _aNaturally occuring Amaranthus spinosus (Amaranthaceae)poisoning in cattle | |
| 650 | _aBOVINO | ||
| 650 | _aINTOXICAÇÃO | ||
| 650 | _aPLANTA TÓXICA | ||
| 650 | _aAMARANTHACEAE | ||
| 650 | _aRIM | ||
| 650 | _aDISTÚRBIO FISIOLÓGICO | ||
| 773 | 0 |
_tPesquisa Veterinária Brasileira (Brazil) _xISSN 0100-736X _g(Jan-Jun 1993), v. 13(1/2) p. 25-34 _wBR2013001160 |
|
| 909 |
_a202311 _bLúcia _c55 _dLúcia Elande |
||
| 942 |
_2AGRIS _n0 _cANA |
||
| 999 |
_c225812 _d225812 |
||